000 00576nam a22002297a 4500
003 UA-OsUOA
001 47933
007 ta
008 20070823b un ||||| |||| 00| 0 ukr d
100 _aКулешов А.
090 _a821.161
_bК90
942 _cBK
040 _aUA-OsUOA
_brus
_cUA-OsUOA
_dUA-OsUOA
245 _aИзбранное
300 _a237 с.
955 _a3
041 _arus
080 _a821.161
260 _aМ.
_bСов.писатель
_c1948
650 7 _a82 Література. Літературознавство
_2UDC
999 _c334037
_d334037